LEADER 01283nam a2200241 i 4500 001 000000011010 003 CaOOAMICUS 005 20180830125440.0 008 180830s1984 it u000 u ita u 040 $aSeMil$bita 245 10$aStile e struttura delle cittą termali /$ca cura di Rossana Bossaglia ; redazione [a cura di] Fernando Rea. 260 $aBergamo :$bBanca Provinciale Lombarda,$ccopyr. 1984-copyr. 1986. 300 $av. ;$c27 cm. 650 4$aTerme - Architettura.$0(OLS)http://semarc/subject/1787 650 4$aTerme - Storia.$0(OLS)http://semarc/subject/1788 650 4$aArchitettura - Stazioni termali - 1900-1930 - Congressi - 1981.$0(OLS)http://semarc/subject/1789 700 1 $aRea, Fernando <1940->.$0(OLS)http://semarc/name/5335 700 1 $aBossaglia, Rossana,$d<1925-2013>.$0(OLS)http://semarc/name/5334 774 0 $tLombardia, Piemonte, Valle d'Aosta.$w()34226 774 0 $tVeneto, Trentino-Alto Adige, Friuli-Venezia Giulia, Emilia-Romagna, Toscana, Campania, Sicilia.$g2$w()122928 774 0 $tBelgio, Cecoslovacchia, Francia, Germania, Inghilterra, Svizzera.$g3$w()122930 996 $6245$aStile e struttura delle cittą termali$9(OLS)http://semarc/title/14547 996 $6260$aBergamo :$bBanca Provinciale Lombarda$9(OLS)http://semarc/publisher/33029 LEADER 01201nam a2200277 i 4500 001 000000202884 003 CaOOAMICUS 005 20110607000000.0 008 110607s2005 it u000 u ita u 013 $a181595 020 $a88-454-1293-8 040 $aSeMil$bita 100 1 $aPigozzi, Caroline.$0(OLS)http://semarc/name/73283 240 10$aJean Paul 2. intime.$0(OLS)http://semarc/title/293670 245 10$aGiovanni Paolo 2. privato. Il grande papa visto da vicino /$cCaroline Pigozzi ; traduzione di Antonella Viale. 250 $a2. edizione. 260 $aMilano :$bSonzogno,$c2005 (copyr. 2003) 300 $a254 p. ;$c23 cm. 600 04$aGiovanni Paolo II .$0(OLS)http://semarc/subject/5525 700 1 $aViale, Antonella.$0(OLS)http://semarc/name/73284 850 $aSeMil 852 $aSeMil$W1$xVenegono$y1$m472 10 *$j153382$B153382$CSeMilBibl$Z2$F164349 $81 961 $aOmaggio: Passoni don Cristiano 996 $6020$a88-454-1293-8$9(OLS)http://semarc/number/195925 996 $6245$aGiovanni Paolo 2. privato. Il grande papa visto da vicino$9(OLS)http://semarc/title/293669 996 $6260$aMilano :$bSonzogno$9(OLS)http://semarc/publisher/31743